NBA Players from Oklahoma - Statistics

General Stats
  • This quiz has been taken 29 times
    9 since last reset
  • The average score is 12 of 25
Answer Stats
Position Player Draft Year % Correct
PF Blake Griffin 2009
100%
F Taylor Griffin 2009
100%
PG Trae Young 2018
100%
G Buddy Hield 2016
86%
G Jeremiah Fears 2025
86%
SG Austin Reaves 2021
71%
PF Wayman Tisdale 1985
57%
G Alondes Williams 2022
43%
FC Alvan Adams 1975
43%
F Eduardo Najera 2000
43%
F Harvey Grant 1988
43%
GF Willie Warren 2010
43%
GF Anthony Bowie 1986
29%
PG Brent Price 1992
29%
FC Clifford Ray 1971
29%
SG Elijah Harkless 2023
29%
PF Gar Heard 1970
29%
F Jeff Webster 1994
29%
SG John McCullough 1979
29%
G Mark Wade 1987
29%
PG Mookie Blaylock 1989
29%
F Ryan Humphrey 2002
29%
G Skeeter Henry 1990
29%
PF Stacey King 1989
29%
SF Vester Marshall 1973
29%
No matching quizzes found
Score Distribution
Percent of People with Each Score
Percentile by Number Answered
Your Score History
You have not taken this quiz since the last reset